| 000 | 00673nam a22001937a 4500 | ||
|---|---|---|---|
| 999 |
_c15262 _d15262 |
||
| 003 | AR-CdUCM | ||
| 008 | 190426b ||||| |||| 00| 0 spa d | ||
| 040 |
_aMUNICIPALIDAD PROVINCIAL DEL CUSCO _cBIBLIOTECA MUNICIPAL DEL CUSCO |
||
| 082 |
_aEP / 803.08 / _bC11 |
||
| 110 |
_aInstituto geográfico de Agostini S.p.A.-Novara _934309 |
||
| 245 | _aLos caballeros de la tabla redonda / | ||
| 260 |
_aBarcelona : _bTeide. S.A _c1963. |
||
| 300 |
_a77 paginas ; _bIlustraciones, _c30 cm. |
||
| 440 |
_aBiblioteca Zagal - III _nSerie ¨Literatura¨ _934310 |
||
| 650 |
_aLiteratura infantil _9588 |
||
| 650 |
_aLeyendas _92226 |
||
| 942 |
_2ddc _cLIBROS |
||
| 945 |
_arjall _d2019-04-26 |
||